000 00352nam a2200133Ia 4500
008 220120s9999||||xx |||||||||||||| ||und||
020 _a81-203-1472-7
082 _a510 RUD
100 _aRudraiah, N Shivakumar, B.S Rohini, G
245 0 _aEngineering mathematics -C
260 _bNew Delhi
_c2000
300 _b115
650 _aWIRELESS COMMUNICATION
999 _c131975
_d131975